Normal view
MARC view
- Álvarez Álvarez, Carmen
Entry Nombre Personal
001 - NUMERO DE CONTROL
- campo de control: 51092
003 - IDENTIFICADOR DE NUMERO DE CONTROL
- campo de control: UPN
005 - FECHA Y HORA DE LA ÜLTIMA TRANSACCIÓN
- campo de control: 20240305102605.0
008 - DATOS DE LONGITUD FIJA
- campo de control de longitud fija: 240219|| acz||aabn | a|a d
024 ## - OTROS IDENTIFICADORES NORMALIZADOS
- Fuente: orcid
- Número normalizado o código: https://orcid.org/0000-0002-8160-2286
040 ## - FUENTE DE CATALOGACIÓN
- Agencia original de catalogación: MX-MxUPN
100 1# - ENCABEZAMIENTO - NOMBRE PERSONAL
- Nombre personal: Álvarez Álvarez, Carmen
370 ## - LUGAR ASOCIADO
- Place of birth: España
371 ## - DIRECCIÓN
- Electronic mail address: alvarezmc@unican.es
372 ## - CAMPO DE ACTIVIDAD
- Field of activity: Educación
- Field of activity: Docencia
373 ## - GRUPO ASOCIADO
- Associated group: Universidad de Cantabria
374 ## - OCUPACIÓN
- Occupation: Doctora en educación
- Occupation: Profesora universitaria
400 1# - VEÁSE - NOMBRE DE PERSONA
- Personal name: Álvarez Álvarez, C.
670 ## - FUENTE EN LA QUE SE LOCALIZARON DATOS
- Cita de la fuente: En recurso en línea: Contextos educativos : revista de educación. No. 32 (2023):
- Información localizada: página 325 (Carmen Álvarez Álvarez)
- Uniform Resource Identifier: https://publicaciones.unirioja.es/ojs/index.php/contextos/article/view/5226/4128
902 ## - CATALOGADOR
- Catalogador: RGJD/190224
